1746 1171 1104 1869 1439 1855 1418 1241 1542 1545 1849 1639 1404 1659 1571 1041 1818 1174 1312 1881 1697 1629 1141 1998 1397 1317 1291 1586 1757 1273 1467 1644 1527 1206 1861 1591 1823 1673 1090 1648 1214 1732 1921 1200 1562 1005 1788 1313 1468 1154 1607 1887 1965 1393 1231 1542 1006 1951 1592 1605 1625 1182 1260 1727 1016 1057 1626 1052 1504 1646 1487 1180 1462 1421 1282 1207 1637 1319 1887 1626 1927 1525 1628 1143 1023 1868 1978 1005 1179 1493 1453 1367 1090 1988 1732 1879 1297 1211 1983 BCNSPRNW ULIB Ver.6.0+V

เปลี่ยนเป็นภาษาไทย

Change to English
 แสดงรายละเอียดบรรณานุกรม
  กลับหน้าหลัก

Brief Record : Get Marc (ISO 2709) : E-mail record : QR code < ปิดหน้าต่าง
LEADER : 00000nam 2200000uu 4500
001    13399108279
003     ULIB
008    110225s2552||||th 000 0 tha d
020    9740152317
060  4 WS113^bว618ค 2552
100 0  วินัดดา ปิยะศิลป์
245 00 คู่มือการเลี้ยงลูกตอน วัย 6-12 ปี/^cวินัดดา ปิยะศิลป์,บรรณาธิการ
250    พิมพ์ครั้งที่ 1
260    กรุงเทพฯ:^bสถาบันสุขภาพเด็กแห่งชาติมหาราชินี,^c2552
300    110 หน้า
650  7 การเลี้ยงลูก
650  7 พพัฒนาการ
710 2  กรมการแพทย์.^bสถาบันสุขภาพเด็กแห่งชาติมหาราชินี
945    ^p0^l0^i025271
945    ^p0^l0^i025272
945    ^p0^l0^i025273
995    ทศพร
999 ^a ใช้งานได้ทุกระบบ
รายการนี้ยังไม่มีแท็ก
คุณยังไม่ได้ล็อกอิน คุณสามารถมีกิจกรรมร่วมกับเว็บไซต์ได้ แต่ต้องล็อกอินก่อน ::
  ล็อกอิน

รายการสื่อสารสนเทศ

ลำดับที่ ประเภท เลขเรียก/บาร์โค้ด สถานที่ สถานะ
- ไม่พบข้อมูล -

รายการใกล้เคียง
    ผู้แต่ง [วินัดดา ปิยะศิลป์]

    หัวเรื่อง [การเลี้ยงลูก]
    หัวเรื่อง [พพัฒนาการ]

BibComment


ยังไม่เคยถูกคอมเมนท์

คอมเมนท์ทรัพยากรรายการนี้
  คอมเมนท์: คู่มือการเลี้ยงลู..


 Copyright 2026. Bcnsprnw @Library